000 00597nam a2200181Ia 4500
008 090123s9999 xx 000 0 und d
082 _b37550
100 _aनाईक गुरूनाथ
245 _aखतरनाक थ्रि स्टार
250 _a1
260 _bमनोरमा प्रकाशन
_c2005
300 _a173
600 _aनाईक गुरूनाथ
630 _aखतरनाक थ्रि स्टार
700 _aनाईक गुरूनाथ
730 _aखतरनाक थ्रि स्टार
942 _cBOOK
999 _c75617
_d75617